Nationalities in Slovakia - Statistics

General Stats
  • This quiz has been taken 417 times
  • The average score is 6 of 9
Answer Stats
Percentage Nationality % Correct
80.7% Slovakian
99%
0.6% Czech
95%
8.5% Hungarian
95%
0.1% Polish
87%
0.1% German
84%
2.0% Roma
83%
0.1% Ukrainian
75%
0.6% Ruthenian
17%
0.1% Moravian
7%
No matching quizzes found
Score Distribution
Percent of People with Each Score
Percentile by Number Answered
Your Score History
You have not taken this quiz